[Event "St. Petersburg-ch 2021"]
[Site "St. Petersburg"]
[Date "2021.03.25"]
[Round "1.1"]
[White "Timerkhanov, Alexander"]
[Black "Alekseev, Evgeny"]
[Result "1/2-1/2"]
[WhiteElo "2400"]
[BlackElo "2619"]
[Annotator "TA"]
[PlyCount "74"]
[EventDate "2021.03.25"]
[EventType "swiss"]
[EventCountry "RUS"]
[SourceTitle "playchess.com"]
[Source "ChessBase"]
[SourceQuality "1"]

{[%evp 9,74,12,20,36,29,37,15,24,38,25,26,15,39,45,64,61,62,71,81,87,120,114,124,95,114,65,79,68,72,41,41,31,36,0,0,0,0,0,0,-98,0,-66,33,0,59,22,20,0,25,0,42,16,21,16,35,6,38,38,29,0,34,0,34,0,39,0,35]} 1. d4 Nf6 2. Bg5 e6 3. Nd2 h6 4. Bh4 d6 5. e4 Nbd7 6. Ngf3 {A45: Trompowsky Attack.} g5 7. Bg3 Nh5 8. Bd3 Bg7 9. c3 Qe7 10. Qe2 a6 {has lost popularity (10...Nb6).} 11. Nc4 b6 12. Nfd2 Nxg3 13. hxg3 {[#]} b5 $146 ({Predecessor:} 13... Bb7 14. Ne3 c5 15. d5 b5 16. a4 c4 17. Bc2 O-O 18. Ng4 exd5 19. Nxh6+ Bxh6 20. Rxh6 {1-0 (51) Sjugirov,S (2665)-Vallejo Pons,F (2711) Almaty 2016}) 14. Na5 e5 15. d5 O-O 16. g4 c5 17. b4 Nf6 18. f3 Qc7 19. Kf2 Bd7 20. g3 Rfc8 21. a3 Qb6 {[#] Strongly threatening ...cxb4+.} 22. Kg2 cxb4 23. cxb4 Rc3 24. Ndb3 {[#]} (24. Nb1 $11 {remains equal.} Rc7 25. Ra2) 24... Rac8 (24... h5 $1 $17 {[%cal Rh5g4]} 25. Rac1 Rxc1 26. Rxc1 hxg4) 25. Qd2 (25. Raf1 $1 $11) 25... R3c7 (25... h5 $1 $15 26. gxh5 g4) 26. Rac1 Ne8 (26... Rxc1 $11 27. Nxc1 Qd4) 27. Rxc7 Rxc7 28. Rc1 Bf6 29. Rh1 Bg7 30. Qf2 Qb8 31. Qe3 Kf8 32. Kf2 Rc3 33. Ke2 Rc8 34. Kd2 Rc7 ({Much worse is} 34... Qc7 $6 35. Rc1 $16) 35. Ke2 Rc8 36. Kd2 Rc7 ({Don't play} 36... Qc7 $6 37. Rc1 $16) 37. Ke2 Rc8 {Weighted Error Value: White=0.24/Black=0.16} 1/2-1/2

[Event "St. Petersburg-ch 2021"]
[Site "St. Petersburg"]
[Date "2021.03.25"]
[Round "1.2"]
[White "Goganov, Aleksey"]
[Black "Palchun, Grigory"]
[Result "1-0"]
[WhiteElo "2575"]
[BlackElo "2359"]
[Annotator "TA"]
[PlyCount "55"]
[EventDate "2021.03.25"]
[EventType "swiss"]
[EventCountry "RUS"]
[SourceTitle "playchess.com"]
[Source "ChessBase"]
[SourceQuality "1"]

{[%evp 13,55,18,39,26,48,17,22,18,36,30,33,24,19,23,86,0,14,0,79,89,64,65,116,130,115,115,125,116,117,122,120,-100,-76,-165,-170,-167,395,390,384,392,500,489,29994,29995]} 1. d4 Nf6 2. c4 e6 3. Nf3 Bb4+ 4. Nbd2 O-O 5. a3 Be7 6. e4 d5 7. e5 Nfd7 8. Bd3 {E11: Bogo-Indian.} c5 9. O-O Nc6 10. Re1 {The position is equal.} Qc7 11. Qc2 h6 12. cxd5 exd5 {[#]} 13. Nf1 $146 {White wants to play Ne3.} ({Predecessor:} 13. Bf5 Kh8 14. Nf1 cxd4 15. Ng3 Re8 16. b4 Bd8 17. Bf4 Nb6 18. Rac1 Nc4 19. Qd3 {1-0 (84) Reynolds,C (1967)-Lindberg,W (1958) ICCF email 2017}) 13... Rd8 (13... cxd4 $11 14. b4 Bd8) 14. Ng3 (14. Ne3 $1 $16 {[%cal Re3d5]} Nf8 15. dxc5) 14... Nf8 $11 15. h3 a5 (15... c4 $11 {remains equal.} 16. Bf5 Be6) 16. dxc5 $16 Ne6 17. Nh5 Nxc5 {[#]} (17... a4 $14) 18. Bxh6 $1 {[%mdl 512]} gxh6 19. Qd2 $1 {[%cal Rd2h6]} Bf8 20. Nf6+ {[%mdl 1024] White has strong compensation.} Kh8 21. Rac1 {Rxc5! is the strong threat.} Ne6 22. Nh4 $2 (22. Ng4 $1 $16) 22... Ng5 23. f4 (23. Nh5 $17 {keeps fighting.}) 23... Qb6+ $1 $19 ({Worse is} 23... Ne4 24. Rxe4 dxe4 25. Qe3 $18) 24. Kh1 {[#]} Ne4 {[%mdl 8192]} (24... Qd4 $1 $19 {avoids the disaster. aiming for ...Ne4!} 25. Rcd1 a4 $1) 25. Bxe4 $18 dxe4 26. Qe2 {[%cal Re2e4]} Bg7 {[#] Threatens to win with ...Bxf6.} 27. Qh5 $1 {[%cal Rh5g6] Threatening mate with Qg6!} Be6 {[#]} (27... Ne7 $18 28. Qxf7 Qe6 29. Qxe7 (29. Ng6+ Nxg6 30. Qxg6 Qf5 $11) 29... Bxf6 30. exf6 Qxe7 31. fxe7 Re8 32. Rxe4 Kg8) 28. Qg6 $3 {[%csl Gf6][%cal Rg6h7][%mdl 512] Weighted Error Value: White=0.22/Black=0.65} 1-0

[Event "St. Petersburg-ch 2021"]
[Site "St. Petersburg"]
[Date "2021.03.25"]
[Round "1.3"]
[White "Saveliev, Alexei"]
[Black "Epishin, Vladimir"]
[Result "1/2-1/2"]
[WhiteElo "2358"]
[BlackElo "2527"]
[Annotator "TA"]
[PlyCount "105"]
[EventDate "2021.03.25"]
[EventType "swiss"]
[EventCountry "RUS"]
[SourceTitle "playchess.com"]
[Source "ChessBase"]
[SourceQuality "1"]

{[%evp 9,105,36,45,29,40,45,40,8,35,22,33,25,37,25,28,27,29,35,24,27,53,55,52,49,58,43,60,13,62,55,49,35,41,-10,83,37,70,75,81,56,151,145,124,27,58,14,57,60,75,0,-5,-33,-17,-23,-36,-82,-37,-43,0,0,0,-155,-163,-452,-185,-200,-177,-738,0,0,0,0,1,4,4,4,6,6,6,6,14,0,0,0,0,0,0,0,0,0,0,0,0,0,0,0,0,0]} 1. e4 g6 2. d4 Bg7 3. Nc3 a6 4. h4 h5 5. Nf3 d6 6. Ng5 {B06: Modern Defence.} Nc6 7. Bc4 Nh6 8. Ne2 {[#] White is slightly better.} e5 $146 {[%cal Rc6d4]} ({Predecessor:} 8... e6 9. c3 d5 10. Bd3 e5 11. O-O O-O 12. exd5 Qxd5 13. Be4 Qd6 14. Qb3 Nf5 {½-½ (42) Pinkas,K (2340)-Sznapik,A (2405) Piotrkow Trybunalski 1977}) 9. c3 Qe7 10. f3 Bd7 11. Be3 f6 12. Nh3 Nf7 13. Qd2 Na5 14. Bd3 Bb5 15. b3 {And now c4 would win.} Bxd3 16. Qxd3 Nc6 17. Nf2 Bh6 18. Nd1 O-O-O 19. d5 Nb8 20. b4 Nd7 21. a4 (21. Bf2 $14) 21... Rdg8 (21... Bxe3 $1 $11 22. Nxe3 Nh6) 22. a5 f5 23. Bf2 fxe4 24. fxe4 Nf6 ({Better is} 24... Kb8 $14) 25. b5 $16 axb5 26. Qxb5 (26. a6 $16 {axb7+ would kill now.} b6 27. O-O (27. Qxb5 Qd7 $16) (27. a7 Kb7 $11)) 26... Qd7 $1 $11 {[%cal Rd7b5]} ({Not} 26... Nxe4 $2 27. a6 $18) 27. Qc4 {Rb1 is the strong threat.} (27. Qd3 {seems wilder.} Ng4 28. Ba7 Kd8 29. Rb1 Ke7 30. Rxb7 Ra8 31. Bb6) 27... Kd8 (27... Kb8 {is more complex.} 28. Ne3 Rf8 29. a6 b6 30. O-O Nd8) 28. Rb1 Qc8 29. Rf1 ({White should try} 29. O-O $16) 29... Ke7 30. Qb4 Nd8 31. Qc4 Rf8 32. Bg3 Ne8 {White must now prevent ...Bd2+!} 33. Rf3 Rxf3 34. gxf3 Rf8 {Hoping for ...Qh3.} 35. Qd3 $2 (35. Ng1 $11) 35... Qh3 $17 {aiming for ...Qg2.} 36. c4 $2 (36. Kf2) 36... Qh1+ (36... Qg2 $142 37. f4 Qh1+ 38. Kd2 exf4) 37. Kf2 $19 {[#]} Nf6 $1 {[%csl Gh5][%cal Rf6g4]} 38. Ng1 $2 (38. Ne3 Bxe3+ 39. Kxe3 Ng4+ 40. Kd2 Qxf3 41. Qxf3 Rxf3 42. Be1) 38... g5 $2 ({Black should play} 38... Ng4+ $19 39. Ke2 Qxg1) 39. Kf1 $11 {The position is equal.} Ng4 ({Avoid the trap} 39... gxh4 $2 {[#]} 40. Nf2 $1 $18) 40. hxg5 Bxg5 41. Qe2 Kd7 $132 {[%mdl 2048] Black has counterplay} 42. Rb3 h4 {[#]} 43. Qg2 Qxg2+ 44. Kxg2 Nf6 45. Bf2 Rg8 46. Kf1 Nh5 47. Nh3 Bd2 48. Bxh4 Bxa5 49. Ne3 Bb6 50. Ng4 Nf7 51. Ra3 Rh8 52. Bf2 Bxf2 53. Kxf2 {Weighted Error Value: White=0.37/Black=0.29} 1/2-1/2

[Event "St. Petersburg-ch 2021"]
[Site "St. Petersburg"]
[Date "2021.03.25"]
[Round "1.4"]
[White "Lobanov, Sergei"]
[Black "Askerov, Marat"]
[Result "1/2-1/2"]
[WhiteElo "2516"]
[BlackElo "2351"]
[Annotator "TA"]
[PlyCount "88"]
[EventDate "2021.03.25"]
[EventType "swiss"]
[EventCountry "RUS"]
[SourceTitle "playchess.com"]
[Source "ChessBase"]
[SourceQuality "1"]

{[%evp 12,88,12,7,47,0,8,-11,0,-5,0,0,36,25,34,28,36,-21,-3,4,26,3,64,64,102,95,110,95,119,105,107,101,97,89,193,194,177,39,36,37,35,0,2,0,2,0,0,0,0,0,1,0,0,0,0,0,0,0,10,0,0,0,0,0,0,0,0,0,0,0,0,0,0,-8,0,-8,-8,-8,-8]} 1. e4 c6 2. Nf3 d5 3. Nc3 Bg4 4. h3 Bxf3 5. Qxf3 e6 6. d3 Nd7 7. Be2 g6 {B11: Caro-Kann: Two Knights Variation.} 8. Bd2 Bg7 9. g4 Ne7 10. h4 h6 11. Qg3 {[#]} b5 $146 {[%cal Bb7b5,Bb5b4][%mdl 32]} ({Predecessor:} 11... Qb6 12. O-O-O Nc5 13. e5 d4 14. Ne4 Nxe4 15. dxe4 O-O-O 16. f4 Qc7 17. Qa3 b6 {½-½ (41) Paramzina,A (2300)-Diakonova,E (2196) Yaroslavl 2019}) 12. f4 Qc7 13. Qf2 Qb6 14. Qf3 ({Better is} 14. e5 $14) 14... b4 $11 15. Nd1 a5 16. a3 O-O (16... b3 $11 17. c3 h5) 17. h5 $14 dxe4 18. dxe4 gxh5 19. g5 hxg5 20. Qxh5 {[%csl Gh1][%cal Rh5h7]} Nf6 21. Qxg5 {Strongly threatening Be3.} Nxe4 22. Qxe7 {aiming for Qh4.} Bf6 {[#]} (22... Nxd2 $16 23. axb4 (23. Kxd2 Qd4+ 24. Ke1 Bf6 $14) 23... Rfe8) 23. Be3 $1 $18 {[%mdl 512]} Qxe3 {[#]} 24. Qxf8+ $3 {[%mdl 512]} Kxf8 $14 25. Nxe3 Bxb2 26. Ra2 (26. Rb1 {is more complex.} Bc3+ 27. Kf1 Ng3+ 28. Kf2 Nxh1+ 29. Rxh1 bxa3 30. Bc4) 26... Bc3+ {The position is equal.} 27. Kf1 {Threatens to win with Rh3.} Ng3+ 28. Kg2 Nxe2 29. axb4 Nxf4+ 30. Kf3 Ng6 31. Rb1 Rb8 32. Rxa5 Rxb4 33. Rxb4 Bxb4 $11 {[%mdl 4096] Endgame KRN-KBN} 34. Ra6 Be7 35. Ke4 c5 36. Rc6 Kg7 37. Ra6 (37. Nc4 {keeps more tension.} f5+ 38. Ke3 Kf6 39. Kf3 Bf8 40. Ra6) 37... f5+ 38. Nxf5+ (38. Kf3 {is interesting.} Ne5+ 39. Ke2 Kf7 40. Ng2 Ng6 41. Ne1) 38... exf5+ 39. Kxf5 Nf8 40. Ra7 Kf7 41. Ke5 Ne6 42. Kd5 Nd4 43. Rxe7+ {[%mdl 64] Remove Defender} Kxe7 44. Kxc5 Nxc2 {Weighted Error Value: White=0.13/Black=0.13} 1/2-1/2

[Event "St. Petersburg-ch 2021"]
[Site "St. Petersburg"]
[Date "2021.03.25"]
[Round "1.5"]
[White "Lesovoi, Evgenij"]
[Black "Levin, Evgeny A."]
[Result "1/2-1/2"]
[WhiteElo "2347"]
[BlackElo "2502"]
[Annotator "TA"]
[PlyCount "92"]
[EventDate "2021.03.25"]
[EventType "swiss"]
[EventCountry "RUS"]
[SourceTitle "playchess.com"]
[Source "ChessBase"]
[SourceQuality "1"]

{[%evp 17,92,-4,0,-14,-22,0,0,0,0,-13,-5,-7,-11,-14,0,-2,0,-7,-6,-12,0,-20,-11,-13,-16,-22,-23,-22,-17,-22,-22,-31,-21,-22,0,0,0,0,0,0,0,0,0,-2,-4,-7,0,0,15,6,136,0,70,70,70,70,70,70,70,70,70,70,70,70,75,54,116,116,116,114,936,54,54,0,0,0,0]} 1. d4 Nf6 2. c4 e6 3. Nf3 b6 4. a3 Bb7 5. Nc3 d5 6. cxd5 Nxd5 7. e3 Be7 8. Bd3 O-O 9. O-O c5 10. Nxd5 {E12: Queen's Indian: Unusual White 4th moves, 4 a3, 4 Nc3 Bb7 5 a3 and 4 Nc3 Bb7 .} Qxd5 11. dxc5 {[#]} Rd8 $146 ({Predecessor:} 11... Qxc5 12. Bd2 Qd5 13. Bc3 Rd8 14. Be2 Qe4 15. Qb1 Qxb1 16. Raxb1 Nd7 17. Rfd1 Nc5 18. Rxd8+ Rxd8 {0-1 (58) Bjarnason,S (2265)-Stefansson,H (2545) Akureyri 1997}) 12. Be2 Qxc5 13. Bd2 Bf6 14. Rc1 Qe7 15. Qc2 Nc6 {[%cal Bb8c6,Bc6e5,Be5f3][%mdl 32]} 16. Rfd1 Rac8 {Hoping for ...Nd4!} 17. Qb1 Ne5 18. Bb4 (18. Rxc8 {is interesting.} Rxc8 19. Nd4 a6 20. Bb4 Qe8 21. b3) 18... Rxc1 (18... Rxd1+ {seems wilder.} 19. Rxd1 Qc7 20. Nd4 a6 21. Bc3 Nd7) 19. Qxc1 Nxf3+ 20. Bxf3 Bxf3 21. gxf3 Rxd1+ 22. Qxd1 Qc7 23. Bc3 Bxc3 24. bxc3 $11 {[%mdl 4096] Endgame KQ-KQ} g6 25. Qd4 b5 26. a4 bxa4 (26... a6 {feels hotter.} 27. axb5 axb5 28. Kg2 Kf8 29. Qb4+ Kg7) 27. Qxa4 Qc5 28. c4 Kf8 29. Qa6 Ke7 30. Qb7+ Kf6 31. Qb2+ Kg5 32. Qg7 {[#] White threatens h4+! and mate.} Qxc4 33. Qxf7 a5 (33... Qc5 $1 $11 {remains equal.}) 34. e4 (34. Qg7 $16) 34... h5 (34... a4 $11) 35. h4+ $1 $14 Kh6 36. Qf8+ Kh7 37. Qe7+ Kh6 38. Qg5+ Kg7 39. Qxa5 Qc1+ 40. Kg2 {And now Qa7+ would win.} Qf4 41. Qd8 Kf7 ({Black should play} 41... e5 $14) 42. Qd7+ $16 Kf6 43. Qe8 {Intending Qf8+ and mate.} e5 $2 {[%mdl 8192] [#]} (43... Kg7 $16) 44. Qg8 $2 (44. Qf8+ $1 $18 Ke6 45. Qg8+ Kf6 46. Qh7) 44... g5 $14 45. Qe8 (45. Qf8+ $14 Kg6 46. Qe8+ Kh6 47. Qc6+ Kg7 48. hxg5 Qxg5+ 49. Kh3) 45... g4 $1 $11 {[%cal Rg4f3]} 46. Qf8+ Kg6 {Weighted Error Value: White=0.34/Black=0.13} 1/2-1/2

[Event "St. Petersburg-ch 2021"]
[Site "St. Petersburg"]
[Date "2021.03.25"]
[Round "1.6"]
[White "Shubin, Kirill"]
[Black "Donskov, Anatoly"]
[Result "1-0"]
[WhiteElo "2466"]
[BlackElo "2286"]
[Annotator "TA"]
[PlyCount "81"]
[EventDate "2021.03.25"]
[EventType "swiss"]
[EventCountry "RUS"]
[SourceTitle "playchess.com"]
[Source "ChessBase"]
[SourceQuality "1"]

{[%evp 15,81,26,40,33,29,21,77,80,89,70,85,11,25,8,33,0,0,0,4,-3,0,-2,0,0,0,0,0,0,0,-4,0,-43,-27,-44,-15,-66,-64,-56,-47,-41,-40,-52,-40,-64,-60,-47,-25,-34,249,240,514,539,492,250,424,365,525,525,756,758,827,827,639,670,2886,2379,6175,4451]} 1. e4 e5 2. Nf3 Nc6 3. Bb5 a6 4. Ba4 d6 5. c3 Bd7 6. d4 g6 7. O-O Bg7 8. Be3 Nf6 9. Nbd2 {C76: Ruy Lopez: Deferred Steinitz: 5 c3 Bd7 6 d4 g6.} Ng4 10. Bg5 {[#]} Bf6 $146 (10... f6 $11 {keeps the balance.} 11. Bh4 g5) ({Predecessor:} 10... f6 11. Bh4 Qe7 12. b4 h5 13. Bg3 O-O 14. Re1 Nh6 15. Nf1 g5 16. Bb3+ Kh7 17. dxe5 Nxe5 18. Bxe5 fxe5 {½-½ (61) Yu,Y (2751)-Mamedyarov,S (2799) Huaian 2017}) 11. Bxf6 $16 {White is better.} Qxf6 12. d5 Nb8 13. c4 (13. h3 $16 Nh6 14. Bc2) 13... Qe7 $11 14. Rc1 O-O 15. h3 Nf6 16. b4 a5 17. Bxd7 (17. b5 {seems wilder.} b6 18. Bc2 Bc8 19. a4 Nh5 20. Nb3) 17... Nbxd7 18. a3 axb4 19. axb4 Nh5 20. Qb3 Nf4 {aiming for ...Ne2+.} 21. Kh2 c5 22. g3 Ne2 23. Rce1 Nd4 24. Nxd4 cxd4 25. f4 ({White should play} 25. Ra1 $11) 25... Ra7 26. Ra1 Rfa8 27. Rxa7 Rxa7 28. Rf2 b6 29. fxe5 Nxe5 {Strongly threatening ...Qg5.} 30. Nf3 Nxf3+ 31. Qxf3 $15 {[%mdl 4096] Endgame KQR-KQR} Ra4 $2 {[%mdl 8192] [#] A mistake that costs the game.} (31... h5 $15 {keeps the upper hand.}) 32. e5 $1 $18 {[%cal Re5d6] And now exd6 would win.} dxe5 {[#]} (32... Ra7 {was necessary.}) 33. d6 $1 {[%cal Rd6e7]} Qd7 34. Qf6 (34. c5 $142 {Black must now prevent c6.} bxc5 35. bxc5) 34... d3 $2 ({Don't go for} 34... Rxb4 $2 35. Qe7 $18) (34... h5 {was called for.} 35. c5 h4) 35. Qxe5 Ra8 (35... h6 $142 36. Qe3 Ra3) 36. Qd5 {White is clearly winning.} Rd8 37. c5 bxc5 38. bxc5 Rc8 39. Rd2 Rc6 40. Rxd3 h5 {[#]} 41. Qxc6 $3 {[%mdl 576] Promotion.  Weighted Error Value: White=0.20/Black=0.51} 1-0

[Event "St. Petersburg-ch 2021"]
[Site "St. Petersburg"]
[Date "2021.03.26"]
[Round "2.1"]
[White "Khalikov, Bulat"]
[Black "Goganov, Aleksey"]
[Result "0-1"]
[WhiteElo "2117"]
[BlackElo "2575"]
[Annotator "TA"]
[PlyCount "48"]
[EventDate "2021.03.25"]
[EventType "swiss"]
[EventCountry "RUS"]
[SourceTitle "playchess.com"]
[Source "ChessBase"]
[SourceQuality "1"]

{[%evp 15,48,13,17,0,0,0,0,0,0,0,0,0,0,0,0,0,0,-333,-324,-426,-429,-577,-567,-1341,-1317,-6216,-5632,-29986,-29987,-29987,-29988,-29994,-29995,-29995,-29995]} 1. e4 c5 2. Nf3 d6 3. d4 cxd4 4. Nxd4 Nf6 5. Nc3 a6 6. Bg5 e6 7. f4 h6 8. Bh4 Qb6 9. Qd2 {B96: Sicilian Najdorf: 6 Bg5 e6 7 f4, lines other than 7...Qb6 and 7...Be7.} Qxb2 10. Rb1 Qa3 11. f5 {The position is equal.} Nc6 12. fxe6 Bxe6 13. Rxb7 Nxd4 14. Qxd4 {Hoping for Bd3.} Rc8 15. Bxf6 gxf6 {[#]} 16. Nb5 $146 {[%mdl 8192]} ({Predecessor:} 16. Nd5 Bg7 17. Nc7+ {½-½ (17) Packroff,H (2273)-Fasser,W (2208) ICCF email 2016}) 16... Qc1+ $19 {[%mdl 64] [#] Double Attack} 17. Kf2 {Black must now prevent Nc7+.} Qxc2+ 18. Kf3 {intending Bd3.} Rg8 19. Rg1 {and the idea Bd3 leaves White hopeful.} Bg4+ 20. Kf4 h5 {[#] ( -> ...Qc1+)} 21. h3 Bd1 {Black mates.} 22. Nc7+ Rxc7 23. Rxc7 Bh6+ 24. Kf5 Qxc7 {Weighted Error Value: White=1.61/Black=0.00} 0-1

[Event "St. Petersburg-ch 2021"]
[Site "St. Petersburg"]
[Date "2021.03.26"]
[Round "2.2"]
[White "Alekseev, Evgeny"]
[Black "Shubin, Kirill"]
[Result "1/2-1/2"]
[WhiteElo "2619"]
[BlackElo "2466"]
[Annotator "TA"]
[PlyCount "89"]
[EventDate "2021.03.25"]
[EventType "swiss"]
[EventCountry "RUS"]
[SourceTitle "playchess.com"]
[Source "ChessBase"]
[SourceQuality "1"]

{[%evp 13,89,3,8,0,9,0,2,0,15,0,0,0,0,0,0,0,0,0,4,-11,21,-29,-33,-41,-49,-33,-38,-47,-42,-57,-61,-55,-27,-34,-25,-40,-37,-60,-20,-76,-74,-70,-61,-27,-8,-206,-187,-188,-179,-183,-81,-88,-93,-71,-75,-83,-80,-64,-62,-59,6,6,5,5,5,5,58,5,5,6,6,6,27,27,27,27,27,27]} 1. c4 e5 2. Nc3 Nc6 3. Nf3 Nf6 4. d3 Bb4 5. Bd2 O-O 6. e3 d5 {was the old line (6...Re8).} 7. cxd5 Nxd5 8. Be2 {A28: English Opening: Four Knights Variation.} Be6 9. O-O {[#]} Bd6 $146 ({Predecessor:} 9... Be7 10. a3 a5 11. Qc2 f5 12. Na4 Kh8 13. Rac1 Nb6 14. Nc5 Bxc5 15. Qxc5 Qd6 16. Qc2 a4 17. Qc5 Rfd8 18. Qxd6 cxd6 {½-½ (66) Zhou,J (2630)-Swiercz,D (2636) Atlantic City 2016}) 10. a3 {The position is equal.} a5 11. Na4 h6 12. Qc2 f5 13. Nc5 Bxc5 14. Qxc5 e4 15. Ne1 Qf6 16. Rb1 Rad8 17. f4 Nb6 18. Qc2 a4 19. dxe4 Bb3 20. Qc1 fxe4 21. g3 Qd6 22. Bc3 Nd5 23. Ng2 Qc5 $36 {[%mdl 2048] Black fights for an advantage.} 24. Be1 Qb6 25. g4 g5 26. fxg5 (26. Bg3 $11) 26... Rxf1+ $17 27. Bxf1 Ne5 28. gxh6 $1 Rd6 29. g5 $2 (29. Be2 $1 $11) 29... Nf3+ 30. Kh1 Rc6 31. Bc3 {[#]} Nxc3 (31... Rg6 $1 $19 {[%cal Rg6g5] has better winning chances.} 32. Ne1 Nxg5) 32. bxc3 Qa5 ({Stronger than} 32... Nxg5 33. Qd2 $16) 33. Be2 Qxg5 34. Nf4 Rxh6 {[%csl Gf3][%cal Rh6h2]} 35. Bxf3 exf3 36. Qd2 {[#] Rg1! is the strong threat.} f2 (36... Qh4 $15 37. Rg1+ Kf8) 37. Qxf2 $11 {Threatens to win with Rg1!} Bd5+ 38. Nxd5 Qxd5+ 39. Qg2+ Qxg2+ 40. Kxg2 {KR-KR} Rc6 41. Rxb7 Rxc3 42. Kf3 Rxa3 43. Rxc7 {White has an edge.} Ra1 44. Ra7 a3 45. Ke4 {Black had all chances to win.  Weighted Error Value: White=0.14/Black=0.12} 1/2-1/2

[Event "St. Petersburg-ch 2021"]
[Site "St. Petersburg"]
[Date "2021.03.26"]
[Round "2.3"]
[White "Epishin, Vladimir"]
[Black "Timerkhanov, Alexander"]
[Result "1/2-1/2"]
[WhiteElo "2527"]
[BlackElo "2400"]
[Annotator "TA"]
[PlyCount "79"]
[EventDate "2021.03.25"]
[EventType "swiss"]
[EventCountry "RUS"]
[SourceTitle "playchess.com"]
[Source "ChessBase"]
[SourceQuality "1"]

{[%evp 10,79,19,4,33,-63,-34,-58,-39,-29,-48,-82,-73,-99,-95,-99,-88,-77,-89,-82,-86,-95,-79,-76,-88,-100,-87,-99,-87,-132,-137,-104,-74,-82,-43,-29,-22,-41,0,-70,0,-4,-4,-4,-4,-11,211,-59,-29,-27,-21,-29,-32,-35,-22,-23,-23,-21,-32,-31,-10,-29,0,0,0,-10,-7,-9,0,0,7,7]} 1. c4 c6 2. d4 d5 3. Nc3 Nf6 4. Nf3 dxc4 5. a4 Bf5 6. Nh4 Be6 {D17: Slav Defence: 5 a4 Bf5: Lines with 6 Nh4 and 6 Ne5.} 7. g3 (7. e4 $14) 7... Na6 $15 8. Bg2 {[#]} Nb4 $146 {Black is slightly better.} ({Predecessor:} 8... g6 9. O-O Bg7 10. Nf3 O-O 11. h3 h6 12. e4 Nb4 13. Be3 a5 14. Qe2 Ne8 {0-1 (61) Ivanisevic,I (2649)-Pikula,D (2524) Mataruska Banja 2008}) 9. O-O a5 10. Bg5 g6 11. Bxf6 exf6 12. e4 Bg7 13. d5 Bd7 14. Qe2 O-O 15. Qxc4 cxd5 16. exd5 Rc8 17. Qb3 f5 18. Rfd1 f4 19. Nf3 fxg3 20. hxg3 Bg4 21. Rd2 Qb6 22. Re1 Rfd8 23. Nb5 Bh6 {[#] Hoping for ...Bxf3.} 24. Rdd1 (24. Rd4 $11 Bf5 25. d6) 24... Bg7 (24... Qf6 $15) 25. d6 Rc2 26. Rd2 Bxf3 27. Rxc2 Nxc2 (27... Bxg2 $1 $11 28. Kxg2 Nxc2 29. Qxc2 Qc6+ 30. Qxc6 bxc6) 28. Qxc2 $2 (28. Re7 $18 Rf8 29. Qxf3) 28... Qc6 (28... Bc6 {is interesting.} 29. Qd2 Bxb5 30. axb5 Bf6 31. Rd1 Qxb5 32. Qd5 Qxd5 33. Rxd5 Bxb2 34. Rxa5 Rxd6 35. Bxb7 Rd1+) 29. Qxc6 Bxc6 30. Bxc6 bxc6 $11 {[%mdl 4096] Endgame KRB-KRN} 31. Na3 Bxb2 32. Nc4 Bc3 33. Re7 Bb4 34. Ra7 Kg7 35. Ra6 Kf6 36. Rxc6 {The position is equal.} Ke6 37. Ra6 Kd5 38. Nxa5 {[#] And now Nc6 would win.} Bxa5 39. Rxa5+ Kxd6 40. Kg2 {Weighted Error Value: White=0.28/Black=0.18} 1/2-1/2

[Event "St. Petersburg-ch 2021"]
[Site "St. Petersburg"]
[Date "2021.03.26"]
[Round "2.4"]
[White "Volkov, Roman"]
[Black "Lobanov, Sergei"]
[Result "1/2-1/2"]
[WhiteElo "2161"]
[BlackElo "2516"]
[Annotator "TA"]
[PlyCount "59"]
[EventDate "2021.03.25"]
[EventType "swiss"]
[EventCountry "RUS"]
[SourceTitle "playchess.com"]
[Source "ChessBase"]
[SourceQuality "1"]

{[%evp 12,59,37,19,55,31,28,34,40,27,41,41,41,43,33,45,40,2,61,67,100,93,86,95,101,25,80,60,99,12,97,81,136,-27,0,12,14,18,75,0,68,0,0,0,0,0,0,0,0,0]} 1. e4 c5 2. Nf3 d6 3. d4 cxd4 4. Nxd4 Nf6 5. Nc3 Nc6 6. Bg5 e6 7. Qd3 Bd7 {B62: Sicilian: Richter-Rauzer: 6...e6: Unusual White 7th moves.} 8. Ndb5 {And now 0-0-0 would win.} Nb4 9. Qd1 Qb8 {[#] White is slightly better.} 10. Bf4 $146 {[%cal Rb5d6]} ({Predecessor:} 10. Bxf6 gxf6 11. Be2 h5 12. O-O h4 13. Na3 Nc6 14. Nc4 Ne5 15. Ne3 b5 16. a4 bxa4 {½-½ (68) Saric,I (2652)-Papp,G (2601) Austria 2021}) 10... e5 11. Bg5 {Bxf6 is the strong threat.} a6 12. Bxf6 gxf6 13. Na3 b5 14. Be2 Rg8 (14... Qb7 $11) 15. O-O $14 d5 16. exd5 Qb6 17. Bf3 f5 18. Nab1 (18. Qe2 $16) 18... a5 (18... e4 $11 19. a3 exf3 20. Qxf3 Nxc2 21. Qe2+ {[%mdl 64] Double Attack} Ne3 22. Qxe3+ Qxe3 23. fxe3 Bc5) 19. a3 Na6 20. Nd2 (20. Qe2 $16 Bg7 21. d6) 20... Rc8 (20... e4 $1 $11 {keeps the balance.}) 21. Qe2 Bd6 {[#]} (21... Bg7 $142) 22. Rfc1 $2 (22. a4 $1 $16 {[%cal Ra4b5]}) 22... a4 23. g3 Kf8 24. Bg2 Rg6 {[#]} (24... e4 $11 {remains equal.}) 25. Qh5 ({White should play} 25. Nf3 $1 $16 {[%cal Rf3e5]}) 25... Kg7 (25... Bc5 $11 26. Qe2 (26. Qxh7 $2 Bxf2+ 27. Kh1 Rh6 $19) 26... e4) 26. Bh3 (26. Nf3 $1 $14) 26... Rh6 $11 {The position is equal.} 27. Qg5+ Rg6 28. Qh5 Rh6 29. Qg5+ Rg6 30. Qh5 {Weighted Error Value: White=0.35/Black=0.30} 1/2-1/2